00623nam a2200193Ia 4500003000900000008004100009020001800050040001600068080002700084100002700111245015400138260003300292300002300325650001000348650001900358650001000377650002200387700002000409IN-BaIIA211028s9999 xx 000 0 eng d a0-08-021626-9 cIIA Library a084.4:524.318.7bPAP-3 aPapadopoulos, Christos 0aTrue visual magnitude photographic star atlasbvol. 3, northern starscChristos Papadopoulos and Charles Scovil  aOxfordbPergamon Pressc1980 a[various pagings.] aAtlas aNorthern stars aStars aVisual magnitudes aScovil, Charles